Responses for Show #7599 - Thursday, September 28, 2017

Austin Rogers game 3.

Guinness World Records Adjudicator Alex Angert presents Johnny Gilbert with a framed certificate recognizing his announcing record: "The longest career as a game show announcer for the same show is 32 years 7 months and 30 days and was achieved by Johnny Gilbert on 'Jeopardy!' (both USA) in Culver City, California, USA as of 28 July 2017".

Contestants

[<< previous game]

Robert Barron, a teacher from Columbia, South Carolina

Emily Dumas, a project manager from Somerville, Massachusetts

Austin Rogers, a bartender from New York, New York (whose 2-day cash winnings total $59,900)

[next game >>]

Jeopardy! Round responses

LET'S PLAY CHESS
CLASSIC MOVIE LINES
(Alex: Identify the film for us; I'll give you the line.)
IPOs
FROM "S" TO "T"
(Alex: Each correct response will begin with an "S" and end with a "T".)
DEEP UNDERGROUND
HIGH ABOVE THE EARTH
    $200 17
a pawn

Robert
    $200 1
(Alex: Robert De Niro.)

Taxi Driver

Austin
    $200 6
Facebook

Austin
    $200 12
sergeant

Austin
    $200 11
earthquakes

Emily
    $200 21
(Austin: [Selecting next clue] LET'S PLAY CHESS, to get rid of it, please.)
[Laughter]

Mount Rainier

Austin
    $400 18
a draw

Triple Stumper
    $400 2
The Sixth Sense

Austin
    $400 7
General Motors

Austin
    $400 30
a sandlot

Robert
    $400 13
iron

Austin
    $400 23
(Emily: What is Kilimanjaro?)

K2

AustinEmily
    $600 19
a fork

Triple Stumper
    $600 3
Annie Hall

Triple Stumper
    $600 8
Fitbit

Austin
    $600 29
the Secretariat

Austin
    $600 14
South Africa

Robert
    $3,400 24
Denali (or Mount McKinley)

Austin
    $800 20
(Austin: What is a queen or king? Uh, queen, please.)

a rook

Austin
Triple Stumper
    $800 4
A Few Good Men

Emily
    $800 9
Snap Inc.

Triple Stumper
    $800 28
skeet

Austin
    $800 15
(Austin: What is limestone?)

lava

Austin
Triple Stumper
    $800 25
(Robert: What is Mont Blanc?)
...
(Alex: Less than a minute now.)

the Matterhorn

AustinRobert
    $1000 22
(Robert: What are coordinates?)

an algebraic term

Robert
Triple Stumper
    $1000 5
Ghostbusters

Austin
    $1000 10
TransUnion

Triple Stumper
    $1000 27
a somnambulist

Austin
    $1000 16
methane

Austin
    $1000 26
Whistler

Austin

Scores at the first commercial break (after clue 15):

Austin Emily Robert
$2,600 $1,000 $600

Scores at the end of the Jeopardy! Round:

Austin Emily Robert
$11,000 $600 -$600

Double Jeopardy! Round responses

COUNTY SEATS
CIVIL WAR PEOPLE
WAYS TO SAY YOU'RE SORRY
ABSURDIST LIT
GOING 24/7/365
"WORLD" OF ENTERTAINMENT
    $400 6
Cook

Robert
    $400 1
John Wilkes Booth

Austin
    $400 30
amends

Emily
    $400 8
The Hitchhiker's Guide to the Galaxy

Austin
    $400 29
a heptagon

Triple Stumper
    $400 25
(Alex: Less than a minute.)

Jurassic World

Robert
    $800 7
the Dalai Lama

Emily
    $800 2
Clara Barton

Austin
    $800 26
rue

Robert
    $800 9
Rosencrantz and Guildenstern are Dead

Austin
    $800 28
(Austin: What are magpies?)

blackbirds

AustinRobert
    $800 20
"A Whole New World"

Emily
    $1200 13
Massachusetts

Emily
    $1200 3
(Robert: Who is Lyman Beecher?)
(Emily: Who is Stowe?)

Henry Ward Beecher

EmilyRobert
Triple Stumper
    $1200 23
regret or regrets

Triple Stumper
    $1200 10
Kafka

Robert
    $1200 27
Whole Foods

Austin
    $1200 19
the Wide World of Sports

Austin
    $1,000 14
(Henry) Ford

Emily
    $1600 4
(George) Pickett

Austin
    $1600 22
contrite

Triple Stumper
    $1600 11
(Thomas) Pynchon

Austin
    $1600 24
(Austin: What are the Weathermen?)

the Chicago Seven

Austin
Triple Stumper
    $1600 18
Jimmy Eat World

Austin
    $2000 16
the Freedom Caucus

Emily
    $8,000 5
William Tecumseh Sherman

Austin
    $2000 21
Atonement

Emily
    $2000 12
Camus

Robert
    $2000 15
(Austin: What is income tax?)

a poll tax

AustinRobert
    $2000 17
Underworld

Austin

Scores at the end of the Double Jeopardy! Round:

Austin Emily Robert
$26,200 $7,600 $5,800
(lock game)

[wagering suggestions for these scores]

Final Jeopardy! Round responses

THE NORTHEASTERN U.S.
(Alex: Only New York City, L.A. and Chicago would be bigger.)
...
(Alex: [To Robert] You wrote down something towards the end. You were going for Manhattan, it looks like.)
RobertWhat Manha
$5,200
EmilyWhat is Atlanta?
$7,600
AustinWhat is Brooklyn?
$10,000
Brooklyn, New York

Final scores:

Austin Emily Robert
$36,200 $0 $600
3-day champion: $96,100 3rd place: $1,000 2nd place: $2,000

Game dynamics:

Coryat scores:

Austin Emily Robert
$17,400 $8,200 $5,800
28 R
(including 2 DDs),
5 W
9 R
(including 1 DD),
2 W
10 R,
3 W

Combined Coryat: $31,400

[game clues] [game scores] [suggest correction]

Game tape date: 2017-04-25
The J! Archive is created by fans, for fans. Scraping, republication, monetization, and malicious use prohibited; this site may use cookies and collect identifying information. See terms. The Jeopardy! game show and all elements thereof, including but not limited to copyright and trademark thereto, are the property of Jeopardy Productions, Inc. and are protected under law. This website is not affiliated with, sponsored by, or operated by Jeopardy Productions, Inc. Join the discussion at JBoard.tv.